| 000 | 00393nam a2200121Ia 4500 | ||
|---|---|---|---|
| 008 | 220615s9999||||xx |||||||||||||| ||und|| | ||
| 100 | _aPratima Parashar Pandey | ||
| 245 | 0 | _aPyridine | |
| 546 | _aEnglish[eng] | ||
| 650 | _aPhysical Sciences||Engineering and Technology||Chemistry||Bioorganic Chemistry||Organic Chemistry | ||
| 856 | _uhttps://www.intechopen.com/books/pyridine | ||
| 942 | _cEB | ||
| 999 |
_c11105 _d11105 |
||